[Event "Acropolis 2007"]
[Site "Athens"]
[Date "2007.08.22"]
[Round "9.28"]
[White "Lauridsen, Jesper Morck"]
[Black "Makka, Evanthia"]
[Result "1/2-1/2"]
[WhiteElo "2302"]
[BlackElo "2107"]
[Annotator "Michailidis Anastasios"]
[PlyCount "51"]
[EventDate "2007.08.14"]
[Source "Greek Chess Fed"]

1. e4 d5 2. exd5 Qxd5 3. Nc3 Qa5 4. d4 Nf6 5. Bc4 Bg4 6. Nge2 e6 7. f3 Bf5 8.
Bd2 Qb6 9. g4 Bg6 10. h4 h5 11. g5 Nfd7 12. Nf4 Bf5 13. Qe2 Nc6 14. Nfd5 Qxb2
15. Rb1 Qxc2 16. Nxc7+ Kd8 17. Nxa8 Nxd4 18. Qd1 Ne5 19. Be2 Nxe2 20. Qxe2 Bd6
21. Kf2 Nxf3 22. Qxf3 Qxd2+ 23. Ne2 Bc5+ 24. Kg3 Bd6+ 25. Kf2 Bc5+ 26. Kg3
1/2-1/2

[Event "Acropolis 2007"]
[Site "Athens"]
[Date "2007.08.22"]
[Round "9.29"]
[White "Fakhiridou, Ekaterini"]
[Black "Karlovich, Anastazia"]
[Result "1/2-1/2"]
[WhiteElo "2284"]
[BlackElo "2207"]
[Annotator "Michailidis Anastasios"]
[PlyCount "25"]
[EventDate "2007.08.14"]
[Source "Greek Chess Fed"]

1. e4 e5 2. Nf3 d6 3. d4 exd4 4. Nxd4 Nf6 5. Nc3 Be7 6. Bc4 O-O 7. O-O Re8 8.
Re1 c6 9. a4 Nbd7 10. Bf1 Bf8 11. a5 Qc7 12. Nf5 Nc5 13. Ng3 1/2-1/2

[Event "Acropolis 2007"]
[Site "Athens"]
[Date "2007.08.22"]
[Round "9.30"]
[White "Dounis, Alexandros"]
[Black "Skalkotas, Nikolaos"]
[Result "0-1"]
[WhiteElo "2190"]
[BlackElo "2275"]
[Annotator "Michailidis Anastasios"]
[PlyCount "54"]
[EventDate "2007.08.14"]
[Source "Greek Chess Fed"]

1. e4 c6 2. d4 d5 3. exd5 cxd5 4. Bd3 Nc6 5. c3 g6 6. Nf3 Nh6 7. O-O Nf5 8. Re1
Bg7 9. Bf4 O-O 10. Nbd2 Re8 11. Ne5 f6 12. Nxc6 bxc6 13. Nf3 Nd6 14. h3 Nf7 15.
Bh2 e5 16. dxe5 fxe5 17. Bf1 Qb6 18. b4 a5 19. b5 Bb7 20. bxc6 Bxc6 21. Rb1 Qc5
22. Qb3 Rac8 23. Bb5 Bxb5 24. Qxb5 e4 25. Qd7 Re7 26. Qg4 Bxc3 27. Rbc1 Rce8
0-1

[Event "Acropolis 2007"]
[Site "Athens"]
[Date "2007.08.22"]
[Round "9.31"]
[White "Parginos, Vassilios"]
[Black "Georgiadis, Ioannis"]
[Result "1/2-1/2"]
[WhiteElo "2226"]
[BlackElo "2413"]
[Annotator "Michailidis Anastasios"]
[PlyCount "31"]
[EventDate "2007.08.14"]
[Source "Greek Chess Fed"]

1. e4 e6 2. d4 d5 3. Nd2 c5 4. c3 Nc6 5. Ngf3 cxd4 6. cxd4 dxe4 7. Nxe4 Bb4+ 8.
Nc3 Nf6 9. Bd3 O-O 10. O-O b6 11. Bg5 Be7 12. Re1 Bb7 13. Rc1 Rc8 14. Bb1 Re8
15. a3 Nd5 16. Bxe7 1/2-1/2

[Event "Acropolis 2007"]
[Site "Athens"]
[Date "2007.08.22"]
[Round "9.32"]
[White "Krivec, Jana"]
[Black "Petritaj, Fotjon"]
[Result "1-0"]
[WhiteElo "2340"]
[BlackElo "2250"]
[Annotator "Michailidis Anastasios"]
[PlyCount "117"]
[EventDate "2007.08.14"]
[Source "Greek Chess Fed"]

1. e4 c5 2. Nc3 d6 3. Nf3 Nf6 4. d4 cxd4 5. Nxd4 a6 6. Bc4 e6 7. Bb3 Nc6 8. Be3
Be7 9. f4 Nxd4 10. Bxd4 Qc7 11. e5 Nd7 12. Qg4 dxe5 13. fxe5 O-O 14. O-O-O Bc5
15. Rhe1 b5 16. Rd3 Bb7 17. Rg3 g6 18. Bxc5 Nxc5 19. Qh4 Rae8 20. Rh3 f5 21.
exf6 Rf7 22. Rhe3 Qd6 23. Qg5 Rc7 24. Kb1 b4 25. Nd5 Bxd5 26. Bxd5 Rd7 27. Bf3
Qd4 28. Qe5 Qxe5 29. Rxe5 Rc7 30. g4 h6 31. h4 Kf7 32. g5 Rd8 33. Bg4 Rc6 34.
Bf3 Rc7 35. Rd1 Rxd1+ 36. Bxd1 hxg5 37. hxg5 Nd7 38. Ra5 Rc5 39. Rxc5 Nxc5 40.
Bf3 Nd7 41. c4 bxc3 42. bxc3 Nf8 43. c4 Nh7 44. c5 Nxg5 45. c6 Ke8 46. Be2 Kd8
47. Bd3 Nh7 48. f7 Nf8 49. Bxa6 Kc7 50. Bb5 g5 51. Kc1 e5 52. Kd2 Kd6 53. Kd3
g4 54. a4 Ne6 55. a5 Kc7 56. Bc4 Nf8 57. Bd5 Ng6 58. a6 Kb6 59. c7 1-0

[Event "Acropolis 2007"]
[Site "Athens"]
[Date "2007.08.22"]
[Round "9.33"]
[White "Pavlidis, Antonios"]
[Black "Gogolis, Alexandros"]
[Result "1-0"]
[WhiteElo "2175"]
[BlackElo "2289"]
[Annotator "Michailidis Anastasios"]
[PlyCount "117"]
[EventDate "2007.08.14"]
[Source "Greek Chess Fed"]

1. e4 d5 2. exd5 Qxd5 3. Nc3 Qa5 4. Bc4 c6 5. d3 Bf5 6. Bd2 Nf6 7. Nge2 e6 8.
Ng3 Bb4 9. O-O O-O 10. a3 Bd6 11. Nce4 Qd8 12. Nxd6 Qxd6 13. Nxf5 exf5 14. Qf3
g6 15. Bf4 Qd8 16. Bg5 Nbd7 17. Rfe1 Re8 18. Qf4 Qb8 19. Qd4 c5 20. Qh4 Qd6 21.
b4 cxb4 22. axb4 h5 23. c3 a5 24. Bf4 Qf8 25. Rxe8 Qxe8 26. Qg5 Kh8 27. Qh6+
Nh7 28. Be3 axb4 29. Rxa8 Qxa8 30. Bd4+ f6 31. cxb4 Ne5 32. Qe3 Qa4 33. Qe1 b5
34. Bd5 Kg7 35. h3 Qa3 36. Bxe5 Qxd3 37. Bc6 fxe5 38. Qxe5+ Kh6 39. Qxb5 Qd2
40. Qc5 f4 41. b5 Ng5 42. Qf8+ Kh7 43. Qe7+ Kh6 44. h4 Nh7 45. Bf3 Qb2 46. Qc5
Nf6 47. b6 Nd7 48. Qg5+ Kh7 49. Qe7+ Qg7 50. Qxg7+ Kxg7 51. b7 Kf6 52. Kf1 Ke5
53. Ke2 Nb8 54. Kd3 Na6 55. Kc4 Nb8 56. Kc5 Ke6 57. Kb6 Kd6 58. Ka7 Kc7 59. Be4
1-0

[Event "Acropolis 2007"]
[Site "Athens"]
[Date "2007.08.22"]
[Round "9.34"]
[White "Pountzas, Hrisanthos"]
[Black "Petraki, Maria"]
[Result "1-0"]
[WhiteElo "2238"]
[BlackElo "2069"]
[Annotator "Michailidis Anastasios"]
[PlyCount "101"]
[EventDate "2007.08.14"]
[Source "Greek Chess Fed"]

1. Nf3 Nf6 2. c4 g6 3. Nc3 d5 4. Qa4+ Bd7 5. Qb3 dxc4 6. Qxc4 Bg7 7. e4 O-O 8.
d4 c6 9. Be2 Na6 10. O-O Rc8 11. e5 Ne8 12. Qb3 b5 13. a4 Be6 14. Qd1 Qa5 15.
Bg5 b4 16. Ne4 f6 17. exf6 exf6 18. Bf4 Nac7 19. Nc5 Bd5 20. Nd2 Ne6 21. Ndb3
Qd8 22. Nxe6 Bxe6 23. Ba6 Bd5 24. Bxc8 Qxc8 25. Re1 h5 26. Nc5 Qf5 27. Bg3 Bh6
28. Qd3 Ng7 29. Qxf5 Nxf5 30. Rad1 h4 31. Bc7 h3 32. g3 Rc8 33. Ba5 Rb8 34. Nd7
Rb7 35. Nxf6+ Kf7 36. Nxd5 cxd5 37. Rd3 Bg7 38. Red1 Nd6 39. b3 Nc4 40. bxc4
dxc4 41. Rf3+ Kg8 42. Rb1 b3 43. Bc3 Rd7 44. g4 Bxd4 45. Rxh3 Kg7 46. Kg2 Kf6
47. Re3 Bxc3 48. Rxc3 Rd4 49. Rbc1 Ke5 50. Rxc4 b2 51. Re1+ 1-0

[Event "Acropolis 2007"]
[Site "Athens"]
[Date "2007.08.22"]
[Round "9.35"]
[White "Sorokina, Anastasia"]
[Black "Makropoulou, Marina"]
[Result "1-0"]
[WhiteElo "2208"]
[BlackElo "2266"]
[Annotator "Michailidis Anastasios"]
[PlyCount "127"]
[EventDate "2007.08.14"]
[Source "Greek Chess Fed"]

1. e4 d5 2. exd5 Qxd5 3. Nc3 Qa5 4. Bc4 Nf6 5. h3 c6 6. Nf3 Nbd7 7. d3 e6 8.
Bd2 Qc7 9. Qe2 Be7 10. d4 h6 11. O-O Nd5 12. Bxd5 cxd5 13. Nb5 Qb8 14. g3 g5
15. c4 a6 16. Nc3 dxc4 17. Nd5 Bd6 18. Rfe1 Kf8 19. Ne3 b5 20. d5 Nc5 21. Bc3
Rg8 22. Ng4 Nd3 23. Nxh6 Bxg3 24. fxg3 Qxg3+ 25. Qg2 Qxg2+ 26. Kxg2 Rg6 27. Ng4
b4 28. Bd4 exd5 29. Rf1 Nf4+ 30. Kh2 Bxg4 31. hxg4 Rh6+ 32. Kg1 Re8 33. Bc5+
Kg7 34. Nxg5 Ne2+ 35. Kg2 f6 36. Nh3 Reh8 37. Rf2 Rxh3 38. Rxe2 Rh2+ 39. Kf1
Rh1+ 40. Bg1 R8h4 41. Rg2 d4 42. Ke2 Rh8 43. Rd1 d3+ 44. Kd2 Kg6 45. Rc1 Rc8
46. b3 cxb3 47. axb3 Rhh8 48. Bc5 Rhd8 49. Rc4 a5 50. Bb6 Rxc4 51. bxc4 Rb8 52.
c5 a4 53. Kxd3 b3 54. Kc3 f5 55. gxf5+ Kxf5 56. Kb4 Ra8 57. Ka3 Ke6 58. Rd2 Ke7
59. c6 b2 60. Bc5+ Ke6 61. Kxb2 Ra5 62. Bb4 Ra8 63. c7 Rc8 64. Ba5 1-0

[Event "Acropolis 2007"]
[Site "Athens"]
[Date "2007.08.22"]
[Round "9.36"]
[White "Sioris, Georgios"]
[Black "Iordanidou, Zoi"]
[Result "1/2-1/2"]
[WhiteElo "2229"]
[BlackElo "2005"]
[Annotator "Michailidis Anastasios"]
[PlyCount "30"]
[EventDate "2007.08.14"]
[Source "Greek Chess Fed"]

1. e4 d5 2. exd5 Qxd5 3. Nf3 Nf6 4. d4 c6 5. Be2 Bf5 6. O-O e6 7. c4 Qd8 8. Nc3
Be7 9. Re1 O-O 10. Bg5 Na6 11. Qb3 Qc8 12. Rad1 Rd8 13. Ne5 Nb4 14. Rd2 c5 15.
d5 Nfxd5 1/2-1/2

[Event "Acropolis 2007"]
[Site "Athens"]
[Date "2007.08.22"]
[Round "9.37"]
[White "Georgieva, Emilia"]
[Black "Kokolias, Konstantinos"]
[Result "0-1"]
[WhiteElo "2023"]
[BlackElo "2224"]
[Annotator "Michailidis Anastasios"]
[PlyCount "66"]
[EventDate "2007.08.14"]
[Source "Greek Chess Fed"]

1. d4 d5 2. Nf3 Nf6 3. c3 c5 4. Bg5 e6 5. e3 h6 6. Bh4 Nc6 7. Nbd2 Be7 8. Bd3
O-O 9. Rc1 Re8 10. h3 Nd7 11. Bg3 Bf6 12. O-O e5 13. dxe5 Ndxe5 14. Nxe5 Nxe5
15. Bb1 b6 16. Nf3 Nc4 17. Qc2 g6 18. Qb3 Bb7 19. Rfe1 Nd6 20. Bxd6 Qxd6 21.
Rcd1 Qe6 22. Rd2 Rad8 23. Red1 Kg7 24. a4 Qc8 25. Qc2 d4 26. cxd4 Bxf3 27. gxf3
Qxh3 28. dxc5 Re5 29. f4 Rh5 30. Qe4 Qg4+ 31. Qg2 Qxd1+ 32. Rxd1 Rxd1+ 33. Qf1
Rxf1+ 0-1

[Event "Acropolis 2007"]
[Site "Athens"]
[Date "2007.08.22"]
[Round "9.38"]
[White "Grapsa, Georgia"]
[Black "Delithanasis, Dimitrios"]
[Result "0-1"]
[WhiteElo "2076"]
[BlackElo "2217"]
[Annotator "Michailidis Anastasios"]
[PlyCount "106"]
[EventDate "2007.08.14"]
[Source "Greek Chess Fed"]

1. d4 e6 2. Nf3 c5 3. c3 d5 4. g3 Nc6 5. Bg2 Nf6 6. O-O Bd6 7. dxc5 Bxc5 8. b4
Bd6 9. Nbd2 O-O 10. Re1 e5 11. a3 Bf5 12. Nb3 h6 13. Be3 b6 14. Nh4 Be6 15. h3
e4 16. Qd2 Ne5 17. Nd4 Nc4 18. Qc1 Nh7 19. Nhf5 Nxe3 20. Qxe3 Bc7 21. c4 Qf6
22. g4 dxc4 23. Qxe4 Rae8 24. Nc6 Ng5 25. Qc2 Bxf5 26. Qxf5 Nxh3+ 27. Bxh3 Qxc6
28. Bg2 Qd6 29. Qd5 Qh2+ 30. Kf1 Qf4 31. Rac1 b5 32. Qxb5 Bb6 33. Qf5 Qc7 34.
Qb5 c3 35. Qc6 Rc8 36. Qxc7 Rxc7 37. Be4 Rd8 38. Bd3 Rd4 39. f3 h5 40. gxh5 Rh4
41. Kg2 Be3 42. Rc2 Rxh5 43. Rh1 Rg5+ 44. Kf1 g6 45. Ke1 a5 46. Ra2 Rb7 47. b5
Rgxb5 48. Ra1 Rc5 49. Kf1 c2 50. Bxc2 Rxc2 51. Rh4 Rb5 52. Re4 Rc3 53. a4 Rg5
0-1

[Event "Acropolis 2007"]
[Site "Athens"]
[Date "2007.08.22"]
[Round "9.39"]
[White "Zografos, Achileas"]
[Black "Ikonomopoulou, Maria"]
[Result "1-0"]
[WhiteElo "2201"]
[BlackElo "2029"]
[Annotator "Michailidis Anastasios"]
[PlyCount "68"]
[EventDate "2007.08.14"]
[Source "Greek Chess Fed"]

1. e4 e6 2. d4 d5 3. Nd2 Nf6 4. e5 Nfd7 5. c3 c5 6. Bd3 Nc6 7. Ngf3 f6 8. exf6
Nxf6 9. O-O cxd4 10. cxd4 Bd6 11. Nb3 O-O 12. Bg5 Qc7 13. Bh4 g6 14. Rc1 Qg7
15. Bg3 Bxg3 16. hxg3 Ng4 17. Qd2 Kh8 18. Rfe1 Bd7 19. Qg5 e5 20. dxe5 Rxf3 21.
gxf3 Ngxe5 22. Be2 d4 23. Qd2 d3 24. Bd1 g5 25. Nc5 Bh3 26. Nxd3 Rd8 27. Re3
Bf5 28. Be2 Qd7 29. Qc3 Bxd3 30. Bxd3 Nd4 31. Rxe5 Nxf3+ 32. Kg2 Nxe5 33. Qxe5+
Qg7 34. Qf5 Qd4 1-0

[Event "Acropolis 2007"]
[Site "Athens"]
[Date "2007.08.22"]
[Round "9.40"]
[White "Draci, Robert"]
[Black "Makka, Ioulia"]
[Result "1-0"]
[WhiteElo "2228"]
[BlackElo "2187"]
[Annotator "Michailidis Anastasios"]
[PlyCount "109"]
[EventDate "2007.08.14"]
[Source "Greek Chess Fed"]

1. Nf3 Nf6 2. c4 b6 3. Nc3 Bb7 4. d4 e6 5. a3 d5 6. cxd5 Nxd5 7. Qc2 Nxc3 8.
bxc3 Nd7 9. e4 c5 10. Bd3 Qc8 11. Qb1 Be7 12. O-O O-O 13. Bf4 Ba6 14. e5 Bxd3
15. Qxd3 Qc6 16. Bg5 Rfe8 17. Bxe7 Rxe7 18. Ng5 Nf8 19. Ne4 Rc7 20. Nd6 Ng6 21.
g3 Rd8 22. a4 Ne7 23. a5 Nc8 24. axb6 axb6 25. Nb5 Rcd7 26. Qc4 Rd5 27. Rfb1 h6
28. Rb2 Qd7 29. Qb3 Qc6 30. Qa4 R5d7 31. Qc4 Rd5 32. f3 R5d7 33. Kf2 Ne7 34.
Rc2 Qd5 35. Qxd5 Nxd5 36. dxc5 bxc5 37. Nd6 Rb8 38. Ra5 Rc7 39. c4 Nb4 40. Rd2
Kf8 41. f4 Rd8 42. Ke3 Rb8 43. g4 Ke7 44. Ne4 Rbc8 45. h4 f6 46. h5 Rc6 47. Nd6
Rd8 48. Ra7+ Kf8 49. g5 hxg5 50. h6 gxf4+ 51. Kxf4 fxe5+ 52. Kxe5 gxh6 53. Rf2+
Kg8 54. Rg2+ Kh8 55. Nf7+ 1-0